1168 1180 1411 1358 1303 1103 1130 1164 1988 1303 1128 1049 1486 1155 1645 1145 1154 1287 1057 1223 1363 1607 1013 1362 1065 1139 1592 1900 1102 1053 1506 1560 1525 1226 1492 1943 1775 1348 1321 1789 1375 1581 1116 1045 1536 1966 1299 1702 1371 1407 1377 1717 1898 1940 1775 1605 1657 1118 1667 1991 1263 1245 1481 1386 1875 1714 1142 1403 1496 1258 1072 1422 1050 1501 1704 1921 1448 1528 1112 1780 1708 1238 1926 1891 1985 1693 1012 1786 1655 1781 1779 1324 1867 1154 1768 1967 1429 1326 1846 BCNSPRNW ULIB Ver.6.0+V

เปลี่ยนเป็นภาษาไทย

Change to English
 แสดงรายละเอียดบรรณานุกรม
  กลับหน้าหลัก

Brief Record : Get Marc (ISO 2709) : E-mail record : QR code < ปิดหน้าต่าง
LEADER : 00000nam 2200000uu 4500
001    13399113530
003     ULIB
008    111124sมปป.||||th 000 0 tha d
020    ^a9789741619177
090    ^aนว.^bม719B
100 0  ^aมิ้นตี้
245 00 ^aBe Careful! ภารกิจลับทะลวงใจ/^cมิ้นตี้
250    ^aพิมพ์ครั้งที่ 1
260    ^aกรุงเทพฯ :^bแจ่มใส
300    ^a201 หน้า
710 1  ^aแจ่มใส
945    ^p149^l0^i15406
995    ^aกัณชพร
999    ^aใช้งานได้ทุกระบบ
รายการนี้ยังไม่มีแท็ก
คุณยังไม่ได้ล็อกอิน คุณสามารถมีกิจกรรมร่วมกับเว็บไซต์ได้ แต่ต้องล็อกอินก่อน ::
  ล็อกอิน

รายการสื่อสารสนเทศ

ลำดับที่ ประเภท เลขเรียก/บาร์โค้ด สถานที่ สถานะ
1. นวนิยาย
นวนิยาย
นว. ม719B  
  Barcode: 15406
ห้องสมุดวิทยาเขตสวรรค์ประชารักษ์
►นวนิยาย
บนชั้น
  ขอยืม

รายการใกล้เคียง
    ผู้แต่ง [มิ้นตี้]

BibComment


ยังไม่เคยถูกคอมเมนท์

คอมเมนท์ทรัพยากรรายการนี้
  คอมเมนท์: Be Careful ภารกิ..


 Copyright 2026. Bcnsprnw @Library